|
|
|
|
| LEADER |
00000nam0a2200000 4500 |
| 001 |
40375 |
| 005 |
20231101210622.0 |
| 035 |
|
|
|a (RuTPU)RU\TPU\book\41422
|
| 090 |
|
|
|a 40375
|
| 100 |
|
|
|a 20020514d1977 k y0rusy50 ca
|
| 101 |
1 |
|
|a rus
|c eng
|
| 102 |
|
|
|a RU
|
| 105 |
|
|
|a a i 001zy
|
| 200 |
1 |
|
|a Статистика и анализ геологических данных
|e пер. с англ.
|f Дж. Девис
|g Под ред. Д. А. Радионова; Пер. с англ. В. А. Голубевой
|
| 210 |
|
|
|a Москва
|c Мир
|d 1977
|
| 215 |
|
|
|a 572 с.
|c ил.
|
| 320 |
|
|
|a Библиогр.: с. 563-565.
|
| 320 |
|
|
|a Предметный указатель: с. 569-571.
|
| 330 |
|
|
|a Монография Дж.Девиса - результат многолетней работы автора, преподававшего математические методы исследования студентам геологических специальностей. Книга имеет отчетливо методический характер и в ней отдается предпочтение не теории, а, по словам автора, ответу на вопрос: "Как это делать?". Таким образом, это хорошее методическое руководство по применению математических методов и вычислительной техники при анализе геологических данных. В отечественной научной литературе нет монографии, в которой в столь сжатом виде были собраны сведения, необходимые в настоящее время для любого геолога, имеющего дело с количественной обработкой полученных данных. Книга, несомненно, будет полезна геологам всех специальностей, а также с успехом может быть использована и как учебник для студентов геологических специальностей.
|
| 606 |
1 |
|
|a Геология
|x Статистические методы
|2 stltpush
|3 (RuTPU)RU\TPU\subj\6107
|9 34066
|
| 610 |
1 |
|
|a анализ
|
| 610 |
1 |
|
|a статистические методы
|
| 610 |
1 |
|
|a математические методы
|
| 610 |
1 |
|
|a геологические данные
|
| 610 |
1 |
|
|a вычислительная техника
|
| 675 |
|
|
|a 55:519.2
|v 3
|
| 700 |
|
1 |
|a Девис (Дэвис)
|b Дж. С.
|g Джон С.
|
| 702 |
|
1 |
|a Радионов
|b Д. А.
|4 340
|
| 702 |
|
1 |
|a Голубева
|b В. А.
|4 730
|
| 801 |
|
1 |
|a RU
|b 63413507
|c 20020514
|g PSBO
|
| 801 |
|
2 |
|a RU
|b 63413507
|c 20190729
|g PSBO
|
| 942 |
|
|
|c BK
|